Nickelodeon Quiz - Statistics

General Stats
  • This quiz has been taken 235 times
  • The average score is 7 of 20
Answer Stats
Question Answer % Correct
Who's the camerman in iCarly? Freddie Benson
78%
Who is Toris sister in Victorious? Trina Vega
78%
Who's the oldest quadruplet in Nicky, Ricky, Dicky and Dawn? Dawn Harper
76%
How many sisters does Lincoln have in The Loud House? 10
66%
What is the Teenage Mutant Ninja Turtles favourite food? Pizza
63%
How are Drake and Josh related? Step Brothers
51%
What power does Chloe have in the Thundermans? Teleportation
50%
What sport do they play in Bella And The Bulldogs? American Football
39%
What is the name of the store in Henry Danger? Junk N Stuff
37%
What is Spongebobs job in Spongebob Squarepants? Frycook
32%
Where are Big Time Rush from? Minnesota
32%
Who does Dice coach in Sam And Cat? Gieux Merr
28%
What is the baby fairies name in The Fairly OddParents? Poof
28%
What is the name of the first app created in Game Shakers? Sky Whale
22%
Who is the bearded guy in The Dude Perfect Show? Tyler Toney
12%
What is Sanjay and Craigs favourite food? Wings
12%
What is the name of the teacher in School Of Rock? Dewey Finn
11%
What instrument does Ray play in The Haunted Hathaways? Saxaphone
11%
What is Tommy Pickles brothers name in Rugrats? Dill Pickle
9%
Who is CJs older brother in 100 Things To Do Before High School? Ronbie Martin
3%
No matching quizzes found
Score Distribution
Percent of People with Each Score
Percentile by Number Answered
Your Score History
You have not taken this quiz